Introduction to differential equations

Αποθηκεύτηκε σε:
Λεπτομέρειες βιβλιογραφικής εγγραφής
Κύριος συγγραφέας: Redheffer, Raymond M.
Άλλοι συγγραφείς: Port, Dan
Μορφή: Βιβλίο
Γλώσσα:English
Δημοσίευση: Boston : Jones and Bartlett Pub., c1992
Θέματα:
Ετικέτες: Προσθήκη ετικέτας
Δεν υπάρχουν, Καταχωρήστε ετικέτα πρώτοι!

MARC

LEADER 00000nam a2200000 i 4500
001 1/78339
008 990427s1992 eng d
020 |a 0-86720-289-0 
035 |l 10050128 
040 |a GR-MY-UA  |b gre  |e aacr 
041 0 |a eng 
082 0 |a 515.35 
100 1 |a Redheffer, Raymond M. 
245 1 0 |a Introduction to differential equations /  |c by Ray Redheffer with Dan Port 
260 |a Boston :   |b Jones and Bartlett Pub.,   |c c1992 
300 |a xii, 468 p.;  |b ill.;  |c 27 cm. 
500 |a Includes index 
650 0 0 |a Differential equations. 
700 1 |a Port, Dan. 
852 |a INST  |b SAMOS  |e 19990427  |h 515.35 RED  |p 005300014939  |q 005300014939  |t BK  |y 0 
901 |a BIBL-1999-1 
909 |a Σ  |b 065299 
922 |a 3ΕΛΗ  |b 199903  |c ΚΠΣ  |d GLORY